[Event "ISR-ch op"]
[Site "Safed"]
[Date "2021.12.09"]
[Round "2"]
[White "Shohat, Yotam"]
[Black "Yaacov, Avi"]
[Result "1/2-1/2"]
[WhiteElo "2325"]
[BlackElo "2070"]
[PlyCount "131"]
[EventDate "2021.12.08"]
[EventType "swiss"]
[EventRounds "9"]
[EventCountry "ISR"]
[SourceTitle "CBM 205 Extra"]
[Source "ChessBase"]
[SourceDate "2022.01.31"]
[SourceVersion "1"]
[SourceVersionDate "2022.01.31"]
[SourceQuality "1"]

1. e4 d6 2. d4 Nf6 3. Nc3 e5 4. Nf3 Nbd7 5. Bc4 Be7 6. 0-0 0-0 7. Re1 c6 8. a4 exd4 9. Nxd4 Nc5 10. Bf4 a5 11. Qd2 Ne6 12. Rad1 Nxf4 13. Qxf4 Qb6 14. Bb3 Bg4 15. Rd3 Rae8 16. Qd2 d5 17. exd5 Bc5 18. Rf1 cxd5 19. Qf4 Re4 20. Nxe4 dxe4 21. Rg3 Bd6 22. Qxf6 gxf6 23. Rxg4+ Kh8 24. Rxe4 Qc5 25. Nf3 f5 26. Rc4 Qb6 27. Rh4 f6 28. Rh5 Rd8 29. Rxf5 Bc5 30. g3 Bd4 31. Rb5 Qc6 32. Nxd4 Rxd4 33. Rxa5 Rd2 34. Rf5 Qd6 35. Re1 Rd1 36. Rxd1 Qxd1+ 37. Kg2 Qd4 38. Rf4 Qxb2 39. Rg4 h5 40. Rg8+ Kh7 41. Rb8 Qd4 42. Rxb7+ Kh6 43. Re7 h4 44. Re3 Kg5 45. gxh4+ Kxh4 46. Rh3+ Kg5 47. Rg3+ Kh4 48. h3 f5 49. Rf3 f4 50. a5 Kg5 51. a6 Kf5 52. h4 Ke4 53. Rd3 Qg7+ 54. Kh3 Qa1 55. Bd5+ Ke5 56. Bg2 Qxa6 57. Rd5+ Kf6 58. Rd4 Qe6+ 59. Kh2 Qg4 60. Rd6+ Ke7 61. Rd3 Qxh4+ 62. Kg1 Qh8 63. Bf3 Qb2 64. Bd1 Ke6 65. Kf1 Ke5 66. f3 1/2-1/2

[Event "Jupiter Fisca op"]
[Site "Jupiter"]
[Date "2019.06.27"]
[Round "6"]
[White "Grecescu, Gabriel Andrei"]
[Black "Yaacov, Avi"]
[Result "1-0"]
[WhiteElo "2390"]
[BlackElo "2122"]
[PlyCount "85"]
[EventDate "2019.06.22"]
[EventType "swiss"]
[EventRounds "9"]
[EventCountry "ROU"]
[SourceTitle "CBM 191 Extra"]
[Source "ChessBase"]
[SourceDate "2019.09.30"]
[SourceVersion "1"]
[SourceVersionDate "2019.09.30"]
[SourceQuality "1"]

1. c4 Nf6 2. g3 g6 3. Bg2 Bg7 4. Nc3 c5 5. e4 d6 6. Nge2 Nc6 7. 0-0 0-0 8. d3 a6 9. h3 Rb8 10. f4 Nd4 11. Be3 b5 12. cxb5 Nxe2+ 13. Nxe2 Rxb5 14. b3 Rb8 15. Rc1 Bb7 16. Qd2 d5 17. exd5 Bxd5 18. Bxd5 Nxd5 19. Bxc5 Qd7 20. Kh2 Rfd8 21. d4 e6 22. Rfd1 h5 23. Nc3 h4 24. g4 Nxc3 25. Rxc3 e5 26. fxe5 Bxe5+ 27. Kh1 Rbc8 28. b4 a5 29. a3 axb4 30. axb4 Ra8 31. Rd3 Bd6 32. d5 Re8 33. Rf3 Re4 34. Rdf1 Bxc5 35. bxc5 Rea4 36. R1f2 Ra2 37. Qd4 Rxf2 38. Rxf2 Qe7 39. Qf6 Qe8 40. c6 Ra3 41. Kh2 Qb8+ 42. d6 Qb3 43. Qxf7+ 1-0

[Event "Petah Tikva"]
[Site "Petah Tikva"]
[Date "2009.04.22"]
[Round "7"]
[White "Yaacov, Avi"]
[Black "Kalka, Arkadius Georg"]
[Result "0-1"]
[WhiteElo "2186"]
[BlackElo "2397"]
[PlyCount "30"]
[EventDate "2009.04.15"]
[EventType "tourn"]
[EventRounds "9"]
[EventCountry "ISR"]
[EventCategory "4"]
[SourceTitle "EXT 2010"]
[Source "ChessBase"]
[SourceDate "2010.11.25"]
[SourceVersion "1"]
[SourceVersionDate "2010.11.25"]
[SourceQuality "1"]

1. d4 d5 2. c4 e6 3. Nc3 Nf6 4. Nf3 Bb4 5. Qb3 c5 6. Bg5 Nc6 7. a3 Na5 8. Qc2 Bxc3+ 9. Qxc3 cxd4 10. Bxf6 dxc3 11. Bxd8 Nb3 12. Ba5 c2 13. Bd2 Nxa1 14. Nd4 Bd7 15. f4 dxc4 0-1

[Event "Petah Tikva"]
[Site "Petah Tikva"]
[Date "2009.04.20"]
[Round "6"]
[White "Nesterovsky, Alex"]
[Black "Yaacov, Avi"]
[Result "1/2-1/2"]
[WhiteElo "2255"]
[BlackElo "2186"]
[PlyCount "145"]
[EventDate "2009.04.15"]
[EventType "tourn"]
[EventRounds "9"]
[EventCountry "ISR"]
[EventCategory "4"]
[SourceTitle "EXT 2010"]
[Source "ChessBase"]
[SourceDate "2010.11.25"]
[SourceVersion "1"]
[SourceVersionDate "2010.11.25"]
[SourceQuality "1"]

1. e4 e5 2. Nf3 Nc6 3. Bb5 a6 4. Ba4 Nf6 5. 0-0 b5 6. Bb3 Be7 7. d3 d6 8. a4 b4 9. Nbd2 0-0 10. Re1 Na5 11. Ba2 c5 12. c3 Rb8 13. Nc4 Nc6 14. d4 Qc7 15. d5 Na5 16. Nfxe5 dxe5 17. d6 Bxd6 18. Nxa5 Be7 19. Nc4 Be6 20. Qe2 Rbd8 21. f3 Nh5 22. g3 Nf6 23. Be3 a5 24. Red1 Rxd1+ 25. Rxd1 Rd8 26. Rc1 Qc8 27. cxb4 axb4 28. Nb6 Qc6 29. Bxe6 Qxe6 30. a5 Qa2 31. Bxc5 Qxa5 32. Bxe7 Qxb6+ 33. Kg2 Rb8 34. Rc4 b3 35. Qd3 Re8 36. Rb4 Qa5 37. Rb7 Qa4 38. Bxf6 gxf6 39. Qxb3 Qxb3 40. Rxb3 Rd8 41. h4 Rd2+ 42. Kh3 Kg7 43. Kg4 Rf2 44. h5 Rg2 45. Rb8 Rf2 46. b4 h6 47. b5 Rb2 48. b6 Rb3 49. b7 Rb1 50. Kh3 Rb2 51. Kg4 Rb1 52. f4 exf4 53. gxf4 Rb5 54. f5 Rb3 55. Kf4 Rb1 56. Ke3 Rb2 57. Kd4 Rb5 58. Kc4 Rb1 59. Kc5 Rc1+ 60. Kd6 Rb1 61. Kd7 Rb2 62. Ke7 Rb1 63. e5 fxe5 64. f6+ Kh7 65. Kxf7 e4 66. Re8 Rxb7+ 67. Ke6 e3 68. Kf5 Rb5+ 69. Kf4 Rb6 70. Re7+ Kg8 71. Kf5 Rb5+ 72. Kg6 Rg5+ 73. Kxh6 1/2-1/2

[Event "Herzliya op"]
[Site "Herzliya"]
[Date "2008.09.05"]
[Round "4"]
[White "Yaacov, Avi"]
[Black "Neimer, Vitaly"]
[Result "0-1"]
[WhiteElo "2159"]
[BlackElo "2316"]
[PlyCount "110"]
[EventDate "2008.09.02"]
[EventType "swiss"]
[EventRounds "9"]
[EventCountry "ISR"]
[SourceTitle "CBM 126 Extra"]
[Source "ChessBase"]
[SourceDate "2008.11.05"]
[SourceVersion "1"]
[SourceVersionDate "2008.11.05"]
[SourceQuality "1"]

1. d4 Nf6 2. c4 e6 3. Nc3 Bb4 4. Qb3 c5 5. Bg5 Nc6 6. dxc5 Bxc5 7. e3 h6 8. Bxf6 Qxf6 9. Ne4 Bb4+ 10. Qxb4 Nxb4 11. Nxf6+ gxf6 12. Ke2 b6 13. a3 Nc6 14. b4 a5 15. b5 Ne5 16. Rc1 Bb7 17. f4 Ng6 18. Kf2 e5 19. Nh3 Rg8 20. Rg1 0-0-0 21. Be2 Kb8 22. g3 d5 23. Rgd1 Ne7 24. Bh5 dxc4 25. Bxf7 Rxd1 26. Rxd1 Rc8 27. Be6 Rc5 28. Ke1 Nd5 29. Bxd5 Bxd5 30. Nf2 Rxb5 31. e4 Bb7 32. Rc1 Rb3 33. Rxc4 Rxa3 34. Ng4 b5 35. Rc5 Rb3 36. Nxf6 exf4 37. gxf4 a4 38. Nd7+ Ka7 39. Rc7 Rb1+ 40. Kd2 a3 41. Nc5 a2 42. Rxb7+ Ka8 43. Rb6 a1Q 44. Ra6+ Qxa6 45. Nxa6 Rb2+ 46. Ke3 Kb7 47. Nc5+ Kc6 48. Nd3 Rxh2 49. f5 Kd7 50. Nc5+ Ke8 51. e5 b4 52. f6 Rc2 53. Ne4 Rc6 54. Nd2 b3 55. Kd4 b2 0-1

[Event "Herzliya op"]
[Site "Herzliya"]
[Date "2008.09.03"]
[Round "2"]
[White "Yaacov, Avi"]
[Black "Cohen, Or"]
[Result "1-0"]
[WhiteElo "2159"]
[BlackElo "2278"]
[PlyCount "83"]
[EventDate "2008.09.02"]
[EventType "swiss"]
[EventRounds "9"]
[EventCountry "ISR"]
[SourceTitle "CBM 126 Extra"]
[Source "ChessBase"]
[SourceDate "2008.11.05"]
[SourceVersion "1"]
[SourceVersionDate "2008.11.05"]
[SourceQuality "1"]

1. Nf3 d5 2. d3 Bg4 3. g3 Bxf3 4. exf3 e6 5. Bg2 Bc5 6. Nd2 Ne7 7. f4 0-0 8. Nf3 Bb6 9. c3 c5 10. 0-0 Nbc6 11. Ng5 Nf5 12. Bh3 Qf6 13. Nf3 Rfe8 14. Re1 Qg6 15. Ne5 Nxe5 16. fxe5 Rab8 17. Bg4 h6 18. Qf3 Bd8 19. Bxf5 Qxf5 20. Qxf5 exf5 21. h4 Bc7 22. Be3 b6 23. d4 c4 24. h5 b5 25. a3 Re6 26. Kg2 a5 27. Kf3 Rbe8 28. Bd2 Kh7 29. g4 fxg4+ 30. Kxg4 g6 31. f4 gxh5+ 32. Kxh5 Rg6 33. Rg1 Reg8 34. Rxg6 Rxg6 35. Re1 Bd8 36. f5 Rg2 37. Bc1 Rc2 38. f6 Rh2+ 39. Kg4 Kg8 40. Kg3 Rc2 41. Bxh6 Rxb2 42. Rh1 1-0

[Event "Herzliya op"]
[Site "Herzliya"]
[Date "2008.09.02"]
[Round "1"]
[White "Zilberman, Yaacov"]
[Black "Yaacov, Avi"]
[Result "1/2-1/2"]
[WhiteElo "2453"]
[BlackElo "2159"]
[PlyCount "84"]
[EventDate "2008.09.02"]
[EventType "swiss"]
[EventRounds "9"]
[EventCountry "ISR"]
[SourceTitle "CBM 126 Extra"]
[Source "ChessBase"]
[SourceDate "2008.11.05"]
[SourceVersion "1"]
[SourceVersionDate "2008.11.05"]
[SourceQuality "1"]

1. d4 Nf6 2. Nf3 g6 3. c4 Bg7 4. Nc3 0-0 5. e4 d6 6. Be2 e5 7. dxe5 dxe5 8. Qxd8 Rxd8 9. Bg5 Re8 10. 0-0-0 h6 11. Be3 c6 12. Ne1 Ng4 13. Bxg4 Bxg4 14. Rd2 Be6 15. b3 a6 16. Nd3 Nd7 17. Rhd1 Bf8 18. c5 Bg7 19. Kc2 Kh7 20. f3 Nf8 21. Nb2 Bf6 22. Nca4 Rad8 23. Nb6 Rxd2+ 24. Rxd2 Bd8 25. N2c4 Bc7 26. Kc3 f5 27. Nd6 Re7 28. Nbc4 Bxc4 29. Kxc4 Bxd6 30. cxd6 Rf7 31. exf5 gxf5 32. a4 Nd7 33. b4 f4 34. Bf2 Kg6 35. b5 axb5+ 36. axb5 cxb5+ 37. Kxb5 Kf5 38. Bh4 Ke6 39. Be7 Rg7 40. Rb2 Rg8 41. Rc2 h5 42. Re2 Rg6 1/2-1/2